Stav vyjednávania SR s EÚ v rámci negociačnej kapitoly č. 26 (vonkajšie vzťahy) acquis communautaire

Saved in:
Bibliographic Details
Main Author: Verček, Peter
Other Authors: Líner, Martin
Format: Book Chapter
Language:Slovak
Tags: Add Tag
No Tags, Be the first to tag this record!

MARC

LEADER 00000naa$a2200000$$$4500
001 0134586
005 20240502072518.6
041 0 |a slo 
044 |a SK 
245 1 0 |a Stav vyjednávania SR s EÚ v rámci negociačnej kapitoly č. 26 (vonkajšie vzťahy) acquis communautaire  |c Peter Verček, Martin Líner 
100 1 |a Verček, Peter 
700 1 |a Líner, Martin